00507nam a2200193 a 4500001001300000003000900013005001700022008004100039020001000080082001600090100002400106245002500130260003800155300000800193500003500201505002400236650002900260700002400289nice12345678IN_TiNIC20260116011501.0050524s1944 laha grp 000 0 eng  ac10000a181.07bHAS aHasan, Enver Ishrat aMetaphysics of Iqbal aLahorebSh. Muhammad Ashrafc1944 a91p aincludes index and biblioraphy2 aBibliography, Index aPhilosophy-Islamic-Iqbal1 aHasan, Enver Ishrat